Normal view
MARC view
- Rao Lakshmana C.. Lakshminarasimhan J
Entry Personal Name
001 - CONTROL NUMBER
- control field: 122728
003 - CONTROL NUMBER IDENTIFIER
- control field: NUST
005 - DATE AND TIME OF LATEST TRANSACTION
- control field: 20240517184907.0
008 - FIXED-LENGTH DATA ELEMENTS
- fixed length control field: 240517|| aca||aabn | a|a d
040 ## - CATALOGING SOURCE
- Original cataloging agency: NUST
- Transcribing agency: NUST
100 ## - HEADING--PERSONAL NAME
- Personal name: Rao Lakshmana C.. Lakshminarasimhan J
670 ## - SOURCE DATA FOUND
- Source citation: Work cat.: (NUST): Rao Lakshmana C.. Lakshminarasimhan J. , Engineering Mechanics Statics and Dynamics, 2003.
